000 00899nam a22002897a 4500
001 BR8705436
003 BR-BrBNA
005 20230928092725.0
007 ta
008 230509b bl.||||| |||| 00| 0 por d
040 _aBR-BrBNA
_bpor
_cBiblioteca Nacional de Agricultura
041 _a(Por)
072 _aE14; E13
_b/G514
090 _ E14 BR8705436
110 1 _aDelegacia Federal de Agricultura de Pernambuco, Recife (Brasil). Secao de Programacao
_93057
245 1 _aAcompanhamento da execucao de convenios e ajustes do Ministerio da Agricultura no estado de Pernambuco. 1 Trimestre de 1981
260 3 _aRecife, PE (Brasil):
_c1981.
300 _a47 p.
500 _a16 tables
650 _aCONVENIO
650 _aRECURSO ECONOMICO
650 _aAGRICULTURA
650 _aDESENVOLVIMENTO RURAL
650 _aPERNAMBUCO
909 _a202309
_bLucia
_c55
_dLucia Elande
942 _cBK
999 _c40812
_d40812